000 00482nam a2200169Ia 4500
008 090711s9999 xx 000 0 und d
082 _b69737
100 _aदेशपांडे
245 _aसरकार ते सरकार
260 _c1992
300 _a224
600 _aदेशपांडे
630 _aसरकार ते सरकार
700 _aदेशपांडे
730 _aसरकार ते सरकार
942 _cBOOK
999 _c285893
_d285893